00780cam a2200217 a 45000010009000000050017000090080041000260200036000670200038001030400013001410820023001541000023001772450059002002600055002593000024003144900049003386500051003879420007004389990019004459520098004641584029520180111114655.0090728s2010 enk b 001 0 eng  a9781405113465 (hc : alk. paper) a9781405113472 (pbk. : alk. paper) cPK-LaUMT00a220.046222bHIM-A1 aHimmelfarb, Martha14aThe apocalypse :ba brief history /cMartha Himmelfarb aChichester ;aMalden, MA :bWiley-Blackwell,c2010 ax, 178 p. ;c23 cm.1 aBlackwell brief histories of religion series 0aApocalyptic literaturexHistory and criticism. cBK c101513d101513 00104070a01b01d2018-01-11l0o220.046 HIM-Ap117380r2018-01-11 00:00:00w2018-01-11yBK